[Event "Warsaw Four Seasons op 2nd"]
[Site "Warsaw"]
[Date "2011.??.??"]
[Round "2"]
[White "Ogonowski, Jakub"]
[Black "Jarmula, Pawel"]
[Result "0-1"]
[WhiteElo "1724"]
[BlackElo "2214"]
[PlyCount "84"]
[EventDate "2011.11.26"]
[EventType "swiss"]
[EventRounds "9"]
[EventCountry "POL"]
[SourceTitle "EXT 2014"]
[Source "ChessBase"]
[SourceDate "2013.11.20"]
[SourceVersion "1"]
[SourceVersionDate "2013.11.20"]
[SourceQuality "1"]

1. e4 e6 2. d4 d5 3. Nc3 Bb4 4. exd5 exd5 5. Bd2 Nf6 6. Bd3 0-0 7. Nge2 c5 8. dxc5 Bxc5 9. 0-0 Nc6 10. Bg5 h6 11. Bxf6 Qxf6 12. Nxd5 Qxb2 13. Nec3 Qa3 14. Rb1 Bd4 15. Qf3 Bxc3 16. Nxc3 Ne5 17. Qe4 Nxd3 18. Qxd3 b6 19. Rb3 Qa6 20. Nd5 Qxd3 21. cxd3 Be6 22. Ne7+ Kh7 23. Ra3 Rfd8 24. h3 Rd7 25. Nc6 Rc8 26. Ne5 Re7 27. Re1 Bd5 28. Re3 Rc1+ 29. Kh2 Rc2 30. d4 Rxf2 31. Nf3 Rxe3 32. Rxe3 Bxf3 33. Rxf3 Rxf3 34. gxf3 Kg6 35. Kg2 Kf5 36. Kf2 Ke6 37. Ke3 Kd5 38. Kd3 b5 39. Kc3 a5 40. a3 b4+ 41. axb4 axb4+ 42. Kxb4 Kxd4 0-1

[Event "Warsaw Four Seasons op 2nd"]
[Site "Warsaw"]
[Date "2011.??.??"]
[Round "4"]
[White "Ogonowski, Jakub"]
[Black "Lata, Slawomir"]
[Result "1/2-1/2"]
[WhiteElo "1724"]
[BlackElo "1460"]
[PlyCount "155"]
[EventDate "2011.11.26"]
[EventType "swiss"]
[EventRounds "9"]
[EventCountry "POL"]
[SourceTitle "EXT 2014"]
[Source "ChessBase"]
[SourceDate "2013.11.20"]
[SourceVersion "1"]
[SourceVersionDate "2013.11.20"]
[SourceQuality "1"]

1. e4 c5 2. Nf3 Nc6 3. d4 cxd4 4. Nxd4 e6 5. Nb5 d6 6. Bf4 e5 7. Be3 Nf6 8. N5c3 Be7 9. Bg5 a6 10. Bxf6 Bxf6 11. Bc4 0-0 12. 0-0 Be6 13. Bd5 Rb8 14. Kh1 Nd4 15. Nd2 Bd7 16. Ne2 Nxe2 17. Qxe2 Bc6 18. Qd3 Be7 19. c4 Qb6 20. b3 Rbc8 21. Nf3 Bd7 22. Ne1 Kh8 23. Nc2 f5 24. f3 f4 25. Rad1 Qc7 26. Nb4 Rb8 27. Qd2 h6 28. Qb2 a5 29. Nd3 Bc6 30. Bxc6 bxc6 31. c5 Rfe8 32. Rd2 Bf6 33. cxd6 Qxd6 34. Rfd1 c5 35. Qc2 Rbc8 36. Nxf4 Qc7 37. Nd5 Qc6 38. Qc4 Bg5 39. Rd3 Red8 40. h3 Kh7 41. f4 exf4 42. e5 Rf8 43. Qc2 Kh8 44. Qc4 Kh7 45. Qe4+ Kh8 46. e6 c4 47. bxc4 Qxc4 48. Qg6 f3 49. e7 fxg2+ 50. Kxg2 Qc2+ 51. Kh1 Bxe7 52. Nxe7 Qe2 53. Rg1 Qxe7 54. Re3 Qb7+ 55. Rg2 Rc1+ 56. Kh2 Rg8 57. Reg3 Qc7 58. Qh5 Rc3 59. Qg6 Qe5 60. Kh1 Rxg3 61. Qxg3 Qxg3 62. Rxg3 Rb8 63. Ra3 Rb5 64. Kg2 g5 65. Kf3 h5 66. Ke4 Kg7 67. Kd4 Kf6 68. Kc4 Rf5 69. Rg3 Rf2 70. a4 Rf4+ 71. Kb5 Rf5+ 72. Ka6 Ke5 73. Rb3 Kf4 74. Rb5 g4 75. hxg4 hxg4 76. Kxa5 Rxb5+ 77. axb5 g3 78. b6 1/2-1/2

[Event "Warsaw Four Seasons op 2nd"]
[Site "Warsaw"]
[Date "2011.??.??"]
[Round "6"]
[White "Ogonowski, Jakub"]
[Black "Luksik, Mateusz"]
[Result "1/2-1/2"]
[WhiteElo "1724"]
[BlackElo "2110"]
[PlyCount "105"]
[EventDate "2011.11.26"]
[EventType "swiss"]
[EventRounds "9"]
[EventCountry "POL"]
[SourceTitle "EXT 2014"]
[Source "ChessBase"]
[SourceDate "2013.11.20"]
[SourceVersion "1"]
[SourceVersionDate "2013.11.20"]
[SourceQuality "1"]

1. e4 c5 2. Nf3 d6 3. d4 cxd4 4. Nxd4 Nf6 5. Nc3 a6 6. Bg5 e6 7. f4 Qb6 8. Nb3 Nc6 9. Qd2 Be7 10. 0-0-0 Bd7 11. Bxf6 gxf6 12. g3 0-0-0 13. Bg2 Kb8 14. Kb1 Rc8 15. Ne2 Qf2 16. Ned4 Qxd2 17. Rxd2 Nxd4 18. Nxd4 Rc4 19. f5 Bd8 20. c3 Bb6 21. fxe6 fxe6 22. Rf1 Bd8 23. Rfd1 Re8 24. Nc2 Be7 25. Ne3 Rc5 26. Rf1 Bc6 27. Nc2 Re5 28. Re1 f5 29. exf5 Bg5 30. Bxc6 bxc6 31. Rxe5 dxe5 32. Re2 exf5 33. Nd4 Kc7 34. Nxf5 e4 35. Kc2 Re5 36. Ne3 Re6 37. Nc4 Re7 38. Nd2 e3 39. Nf3 Bh6 40. Nd4 Rf7 41. g4 Rf2 42. Kd3 c5 43. g5 cxd4 44. gxh6 dxc3 45. bxc3 Rf6 46. Kxe3 Rxh6 47. Kd4 Rh4+ 48. Kc5 Rh5+ 49. Kb4 Rb5+ 50. Ka4 Rh5 51. c4 Kc6 52. Kb4 a5+ 53. Ka4 1/2-1/2

[Event "Warsaw Four Seasons op 2nd"]
[Site "Warsaw"]
[Date "2011.??.??"]
[Round "3"]
[White "Rosiak, Tomasz"]
[Black "Ogonowski, Jakub"]
[Result "1/2-1/2"]
[WhiteElo "1477"]
[BlackElo "1724"]
[PlyCount "67"]
[EventDate "2011.11.26"]
[EventType "swiss"]
[EventRounds "9"]
[EventCountry "POL"]
[SourceTitle "EXT 2014"]
[Source "ChessBase"]
[SourceDate "2013.11.20"]
[SourceVersion "1"]
[SourceVersionDate "2013.11.20"]
[SourceQuality "1"]

1. d4 Nf6 2. c4 g6 3. Nc3 Bg7 4. e4 d6 5. Nf3 0-0 6. Be2 e5 7. Be3 Bg4 8. dxe5 Bxf3 9. exf6 Bxe2 10. Nxe2 Bxf6 11. Bd4 Re8 12. f3 Nd7 13. Rb1 Bxd4 14. Qxd4 Qh4+ 15. g3 Qf6 16. Qxf6 Nxf6 17. h4 Re7 18. Kf2 h5 19. Nf4 Kg7 20. Rbc1 Rd8 21. Nd5 Red7 22. Rhd1 c6 23. Nxf6 Kxf6 24. Rd4 Ke6 25. Rcd1 d5 26. cxd5+ cxd5 27. Ke3 dxe4 28. Rxd7 Rxd7 29. Rxd7 Kxd7 30. Kxe4 Ke6 31. a4 a5 32. b3 f5+ 33. Kd4 Kd6 34. f4 1/2-1/2

[Event "POL-chT U19 2nd League"]
[Site "Chelm Lubelski"]
[Date "2010.07.11"]
[Round "7"]
[White "Ogonowski, Jakub"]
[Black "Sliwicki, Damian"]
[Result "1-0"]
[WhiteElo "1628"]
[BlackElo "1890"]
[PlyCount "96"]
[EventDate "2010.07.06"]
[EventType "team-tourn"]
[EventRounds "11"]
[EventCountry "POL"]
[SourceTitle "EXT 2011"]
[Source "ChessBase"]
[SourceDate "2010.11.26"]
[SourceVersion "1"]
[SourceVersionDate "2010.11.26"]
[SourceQuality "1"]
[WhiteTeam "Warszawa UKS Czternastka U19"]
[BlackTeam "Bydgoszcz Hetman U19"]
[WhiteTeamCountry "POL"]
[BlackTeamCountry "POL"]

1. e4 e5 2. Nf3 Nc6 3. Bb5 a6 4. Bxc6 dxc6 5. 0-0 Bd6 6. d4 exd4 7. Qxd4 f6 8. Nc3 Bg4 9. e5 Bxf3 10. exd6 Bd5 11. Re1+ Kf7 12. Bf4 Be6 13. Qe3 Qd7 14. dxc7 Bd5 15. Ne4 Bxe4 16. Qxe4 Ne7 17. Qb4 Nd5 18. Qxb7 Qc8 19. Qxc8 Raxc8 20. Bd6 Rhe8 21. Kf1 Nxc7 22. Bxc7 Rxc7 23. Rxe8 Kxe8 24. Rd1 Rb7 25. b3 Ke7 26. Ke2 Rb5 27. Rd3 h5 28. g3 g5 29. a4 Rc5 30. Kd2 Rf5 31. f3 a5 32. Ke3 Re5+ 33. Kd2 Rf5 34. Ke2 c5 35. Re3+ Kd7 36. h3 Kd6 37. Re8 Re5+ 38. Rxe5 Kxe5 39. Ke3 f5 40. c3 Kd5 41. Kd2 Ke5 42. Ke3 Kd5 43. f4 gxf4+ 44. Kxf4 c4 45. bxc4+ Kxc4 46. Kxf5 Kb3 47. g4 Kxa4 48. g5 Kb3 1-0

[Event "POL-chT U19 2nd League"]
[Site "Chelm Lubelski"]
[Date "2010.07.06"]
[Round "2"]
[White "Luczka, Szymon"]
[Black "Ogonowski, Jakub"]
[Result "0-1"]
[WhiteElo "1588"]
[BlackElo "1628"]
[PlyCount "74"]
[EventDate "2010.07.06"]
[EventType "team-tourn"]
[EventRounds "11"]
[EventCountry "POL"]
[SourceTitle "EXT 2011"]
[Source "ChessBase"]
[SourceDate "2010.11.26"]
[SourceVersion "1"]
[SourceVersionDate "2010.11.26"]
[SourceQuality "1"]
[WhiteTeam "Tomaszow Lubelski UKS GIM Dwojka U19"]
[BlackTeam "Warszawa UKS Czternastka U19"]
[WhiteTeamCountry "POL"]
[BlackTeamCountry "POL"]

1. e4 c5 2. Nf3 d6 3. d4 cxd4 4. Nxd4 Nf6 5. Nc3 a6 6. Bg5 e6 7. f4 Be7 8. Qf3 Qc7 9. 0-0-0 b5 10. a3 Bb7 11. Bd3 Nbd7 12. g4 Nc5 13. h4 0-0-0 14. Rhe1 h6 15. Bxf6 Bxf6 16. Nde2 Bxh4 17. Rg1 Bf6 18. Qg3 Kb8 19. f5 Rc8 20. Kb1 Be5 21. Qh3 Qb6 22. Rgf1 b4 23. axb4 Qxb4 24. fxe6 fxe6 25. Qf3 Rc6 26. Kc1 Rhc8 27. Qe3 Nb3+ 28. Kb1 Nd4 29. Kc1 Nxe2+ 30. Qxe2 Rxc3 31. Qd2 Qa4 32. Qe2 Ra3 33. c3 Rcxc3+ 34. Bc2 Rxc2+ 35. Qxc2 Ra1+ 36. Qb1 Rxb1+ 37. Kxb1 Bxe4+ 0-1

[Event "Warsaw Ursus op 4th"]
[Site "Warsaw"]
[Date "2010.06.06"]
[Round "8"]
[White "Ogonowski, Jakub"]
[Black "Grzenkowicz, Lukasz"]
[Result "0-1"]
[WhiteElo "1642"]
[BlackElo "1629"]
[PlyCount "98"]
[EventDate "2010.05.29"]
[EventType "swiss"]
[EventRounds "9"]
[EventCountry "POL"]
[SourceTitle "CBM 136 Extra"]
[Source "ChessBase"]
[SourceDate "2010.07.02"]
[SourceVersion "2"]
[SourceVersionDate "2010.07.15"]
[SourceQuality "1"]

1. e4 e6 2. d4 d5 3. exd5 exd5 4. c4 Nf6 5. Nc3 c6 6. Bg5 Be7 7. Bd3 Ne4 8. Bxe7 Qxe7 9. Nge2 Nxc3 10. bxc3 Be6 11. cxd5 Bxd5 12. 0-0 Qg5 13. Ng3 0-0 14. Re1 Nd7 15. Qh5 Qxh5 16. Nxh5 Rfe8 17. c4 Be6 18. Nf4 Nb6 19. Nxe6 Rxe6 20. Re3 Rd8 21. c5 Nd5 22. Rxe6 fxe6 23. Bc4 Nc7 24. Rd1 Kf8 25. Rd3 Ke7 26. Kf1 Nb5 27. Bxb5 cxb5 28. Ke2 Rd5 29. Rg3 g6 30. Ke3 e5 31. dxe5 Rxe5+ 32. Kd4 Ke6 33. Re3 Rxe3 34. fxe3 h6 35. h3 a6 36. a3 a5 37. g3 h5 38. g4 hxg4 39. hxg4 g5 40. Ke4 b4 41. axb4 axb4 42. Kd4 b3 43. Kc3 Kd5 44. Kxb3 Kxc5 45. Kc3 Kd5 46. Kd3 Ke5 47. e4 b5 48. Ke3 b4 49. Kd3 b3 0-1

[Event "Karpacz op"]
[Site "Karpacz"]
[Date "2010.02.24"]
[Round "4"]
[White "Ogonowski, Jakub"]
[Black "Delekta, Anna"]
[Result "1-0"]
[WhiteElo "1600"]
[BlackElo "1663"]
[PlyCount "53"]
[EventDate "2010.02.21"]
[EventType "swiss"]
[EventRounds "9"]
[EventCountry "POL"]
[SourceTitle "CBM 135 Extra"]
[Source "ChessBase"]
[SourceDate "2010.05.04"]
[SourceVersion "1"]
[SourceVersionDate "2010.05.04"]
[SourceQuality "1"]

1. e4 c5 2. Nf3 Nc6 3. d4 cxd4 4. Nxd4 d6 5. Be3 Nf6 6. f3 g6 7. Nc3 Bg7 8. Qd2 Bd7 9. 0-0-0 0-0 10. g4 Qa5 11. Kb1 Rfc8 12. h4 h5 13. Nb3 Qd8 14. gxh5 Nxh5 15. Rg1 Bxc3 16. bxc3 Ne5 17. Be2 a5 18. f4 Nc4 19. Bxc4 Rxc4 20. Qd5 Rxc3 21. Rxg6+ Ng7 22. Rxg7+ Kxg7 23. Bd4+ e5 24. Bxc3 Qxh4 25. Rg1+ Kh8 26. Qxf7 Bg4 27. fxe5 1-0

[Event "Warsaw Four Seasons op 3rd"]
[Site "Warsaw"]
[Date "2010.01.31"]
[Round "9"]
[White "Ogonowski, Jakub"]
[Black "Winiarski, Mikolaj"]
[Result "0-1"]
[WhiteElo "1600"]
[BlackElo "1725"]
[PlyCount "136"]
[EventDate "2010.01.23"]
[EventType "swiss"]
[EventRounds "9"]
[EventCountry "POL"]
[SourceTitle "EXT 2011"]
[Source "ChessBase"]
[SourceDate "2010.11.26"]
[SourceVersion "1"]
[SourceVersionDate "2010.11.26"]
[SourceQuality "1"]

1. e4 c5 2. Nf3 Nc6 3. d4 cxd4 4. Nxd4 Nf6 5. Nc3 e6 6. Bg5 Bb4 7. Nxc6 bxc6 8. Qf3 Be7 9. e5 Nd5 10. Bxe7 Qxe7 11. Nxd5 cxd5 12. c3 0-0 13. Be2 Bb7 14. Qe3 d6 15. 0-0 dxe5 16. Qxe5 a5 17. Rfe1 f6 18. Qd4 e5 19. Qd2 Qf7 20. Rad1 Qg6 21. Bf1 h6 22. c4 Rfd8 23. c5 Bc6 24. a3 a4 25. Qd3 Qxd3 26. Bxd3 Ra5 27. Rc1 Rb8 28. Rc2 Ra7 29. f3 Rab7 30. Rb1 Kf7 31. Kf2 Rb3 32. Ke2 Rxa3 33. Kd2 Rab3 34. Be2 a3 35. Kc1 f5 36. Bd1 Kf6 37. Rd2 Rxb2 38. Rdxb2 Rxb2 39. Rxb2 axb2+ 40. Kxb2 e4 41. f4 g5 42. g3 d4 43. Kb3 Bd5+ 44. Kb4 g4 45. Kb5 d3 46. c6 Bxc6+ 47. Kc4 Bb7 48. Kd4 h5 49. Bb3 Bc8 50. Ba4 Be6 51. Bd1 h4 52. Ba4 hxg3 53. hxg3 Ba2 54. Ke3 Be6 55. Kd4 Bc8 56. Ke3 Ke6 57. Bb3+ Kd6 58. Kd4 Kc6 59. Ba4+ Kb6 60. Be8 Ka5 61. Kc3 Be6 62. Bc6 Kb6 63. Ba4 Kc5 64. Be8 Bc8 65. Bg6 Bd7 66. Bh7 Kb5 67. Bg6 Kc5 68. Bf7 Kd6 0-1

[Event "Warsaw Four Seasons op 3rd"]
[Site "Warsaw"]
[Date "2010.01.24"]
[Round "3"]
[White "Bobula, Mateusz"]
[Black "Ogonowski, Jakub"]
[Result "1-0"]
[WhiteElo "2397"]
[BlackElo "1600"]
[PlyCount "97"]
[EventDate "2010.01.23"]
[EventType "swiss"]
[EventRounds "9"]
[EventCountry "POL"]
[SourceTitle "EXT 2011"]
[Source "ChessBase"]
[SourceDate "2010.11.26"]
[SourceVersion "1"]
[SourceVersionDate "2010.11.26"]
[SourceQuality "1"]

1. d4 Nf6 2. c4 g6 3. Nc3 Bg7 4. e4 d6 5. Nf3 0-0 6. Be2 c5 7. 0-0 cxd4 8. Nxd4 Nc6 9. Be3 Nxd4 10. Bxd4 b6 11. Qd2 Bb7 12. f3 Qd7 13. Rfd1 Rfd8 14. Rac1 Ba6 15. Bf1 Rac8 16. b3 Bb7 17. a4 Bc6 18. Qf2 Qb7 19. b4 Bd7 20. Be3 Be6 21. Nd5 Nxd5 22. exd5 Bd7 23. Qc2 e6 24. Bg5 f6 25. Bf4 exd5 26. Rxd5 Be6 27. Rxd6 Rxd6 28. Bxd6 Qc6 29. Bf4 Bf8 30. Qb2 Bf7 31. Qb3 a6 32. b5 axb5 33. axb5 Bc5+ 34. Be3 Bxe3+ 35. Qxe3 Qc5 36. Qxc5 Rxc5 37. Kf2 Kf8 38. Ke3 Ke7 39. Kd4 Be8 40. Ra1 Rc7 41. Bd3 Rd7+ 42. Kc3 Kd6 43. Ra6 Kc5 44. Ra8 Re7 45. Rc8+ Kd6 46. Kd4 Bf7 47. Rc6+ Kd7 48. Rxb6 f5 49. Rb7+ 1-0

[Event "Warsaw Four Seasons op 3rd"]
[Site "Warsaw"]
[Date "2010.01.24"]
[Round "5"]
[White "Ogonowski, Jakub"]
[Black "Kepa, Wojciech"]
[Result "0-1"]
[WhiteElo "1600"]
[BlackElo "1676"]
[PlyCount "74"]
[EventDate "2010.01.23"]
[EventType "swiss"]
[EventRounds "9"]
[EventCountry "POL"]
[SourceTitle "EXT 2011"]
[Source "ChessBase"]
[SourceDate "2010.11.26"]
[SourceVersion "1"]
[SourceVersionDate "2010.11.26"]
[SourceQuality "1"]

1. e4 c5 2. Nf3 Nc6 3. d4 cxd4 4. Nxd4 e5 5. Nb5 d6 6. Bc4 a6 7. N5c3 Nf6 8. 0-0 b5 9. Bd5 Bb7 10. Bg5 Be7 11. Bxf6 Bxf6 12. Nd2 0-0 13. Nf3 Qd7 14. Bxc6 Bxc6 15. Nd5 Bxd5 16. Qxd5 Qe6 17. Rfd1 Be7 18. c3 Qxd5 19. Rxd5 f5 20. Nd2 g6 21. Rd1 Ra7 22. f3 Rc7 23. Rc1 Rc5 24. c4 Rxd5 25. cxd5 Bg5 26. Rc2 Bxd2 27. Rxd2 Rc8 28. Kf2 Kf7 29. Ke2 Kf6 30. Kd3 Rc1 31. Rc2 fxe4+ 32. fxe4 Rxc2 33. Kxc2 Kg5 34. b4 Kf4 35. Kd3 g5 36. g3+ Kf3 37. h4 g4 0-1

[Event "Warsaw YMCA Autumn-D 70th"]
[Site "Warsaw"]
[Date "2009.12.15"]
[Round "12"]
[White "Ogonowski, Jakub"]
[Black "Czuraj, Grzegorz"]
[Result "1-0"]
[WhiteElo "1555"]
[BlackElo "1511"]
[PlyCount "77"]
[EventDate "2009.09.29"]
[EventType "tourn"]
[EventRounds "13"]
[EventCountry "POL"]
[SourceTitle "EXT 2011"]
[Source "ChessBase"]
[SourceDate "2010.11.26"]
[SourceVersion "1"]
[SourceVersionDate "2010.11.26"]
[SourceQuality "1"]

1. e4 e5 2. Nf3 Nc6 3. Bb5 a6 4. Bxc6 dxc6 5. Nc3 Bc5 6. 0-0 Bg4 7. h3 Bxf3 8. Qxf3 Qf6 9. Qg3 Ne7 10. d3 Ng6 11. Be3 Bd6 12. Qg5 Qxg5 13. Bxg5 h6 14. Be3 0-0 15. Ne2 f5 16. exf5 Rxf5 17. Ng3 Rf7 18. Ne4 Be7 19. Rae1 b6 20. Bd2 Raf8 21. Bc3 Bd6 22. Nd2 Bc5 23. Nf3 Rf5 24. Bxe5 Nh4 25. d4 Nxf3+ 26. gxf3 Bd6 27. f4 g5 28. Bxd6 cxd6 29. Re6 Rxf4 30. Rxd6 Rh4 31. Kg2 Rff4 32. c3 Kf7 33. f3 Rf6 34. Rxf6+ Kxf6 35. Re1 b5 36. Re8 b4 37. Rc8 bxc3 38. bxc3 c5 39. Rxc5 1-0

[Event "Warsaw YMCA Autumn-D 70th"]
[Site "Warsaw"]
[Date "2009.12.10"]
[Round "11"]
[White "Jarmolowski, Tadeusz"]
[Black "Ogonowski, Jakub"]
[Result "1/2-1/2"]
[WhiteElo "1702"]
[BlackElo "1555"]
[PlyCount "80"]
[EventDate "2009.09.29"]
[EventType "tourn"]
[EventRounds "13"]
[EventCountry "POL"]
[SourceTitle "EXT 2011"]
[Source "ChessBase"]
[SourceDate "2010.11.26"]
[SourceVersion "1"]
[SourceVersionDate "2010.11.26"]
[SourceQuality "1"]

1. e4 c5 2. c3 d6 3. d4 cxd4 4. cxd4 Nf6 5. Nc3 e6 6. Nf3 Be7 7. Bd3 0-0 8. 0-0 Nc6 9. Bg5 h6 10. Be3 Ng4 11. Qd2 Bf6 12. Rac1 Nxe3 13. Qxe3 e5 14. d5 Nd4 15. Ne2 Nxe2+ 16. Bxe2 Bg4 17. Qb3 Bxf3 18. Bxf3 Bg5 19. Rc2 Qb6 20. Qxb6 axb6 21. Bg4 g6 22. a3 f5 23. exf5 gxf5 24. Bh3 Rac8 25. Rxc8 Rxc8 26. Bxf5 Rc1 27. b3 Rc3 28. Rb1 b5 29. g3 Rc1+ 30. Rxc1 Bxc1 31. a4 bxa4 32. bxa4 Kf7 33. Kf1 Kf6 34. Bc8 b6 35. Ke2 e4 36. f4 exf3+ 37. Kxf3 Kg5 38. h4+ Kh5 39. Bg4+ Kg6 40. Bd7 Bd2 1/2-1/2

[Event "Warsaw YMCA Autumn-D 70th"]
[Site "Warsaw"]
[Date "2009.12.01"]
[Round "9"]
[White "Ogonowski, Jakub"]
[Black "Maliszewski, Krzysztof"]
[Result "1/2-1/2"]
[WhiteElo "1555"]
[BlackElo "1757"]
[PlyCount "117"]
[EventDate "2009.09.29"]
[EventType "tourn"]
[EventRounds "13"]
[EventCountry "POL"]
[SourceTitle "EXT 2011"]
[Source "ChessBase"]
[SourceDate "2010.11.26"]
[SourceVersion "1"]
[SourceVersionDate "2010.11.26"]
[SourceQuality "1"]

1. e4 e6 2. d4 d5 3. e5 c5 4. c3 Qb6 5. Nf3 Bd7 6. Bd3 Bb5 7. 0-0 Bxd3 8. Qxd3 Nc6 9. Re1 Rc8 10. b3 cxd4 11. Nxd4 Nxd4 12. cxd4 Qa5 13. Bd2 Bb4 14. Rd1 Ne7 15. Bxb4 Qxb4 16. a3 Qb6 17. Nc3 a6 18. Na4 Qc7 19. Nc5 0-0 20. b4 b6 21. Nb3 Qc4 22. Qxc4 dxc4 23. Nd2 f5 24. exf6 gxf6 25. Rac1 Nd5 26. Nxc4 Rc6 27. Ne3 Rfc8 28. Rxc6 Rxc6 29. Kf1 Rc3 30. Nxd5 exd5 31. a4 Rc4 32. b5 a5 33. Ra1 Rxd4 34. Ke2 Rc4 35. g3 Kf7 36. h4 h5 37. Kd3 Ke6 38. Ra2 Kd6 39. Ra1 Kc5 40. f3 f5 41. Ra2 d4 42. Re2 Rc3+ 43. Kd2 Rxf3 44. Re6 Rxg3 45. Rc6+ Kb4 46. Rxb6 Kxa4 47. Rf6 Rb3 48. b6 Rb5 49. Kd3 Kb3 50. b7 Rxb7 51. Rxf5 a4 52. Rxh5 Rb4 53. Ra5 a3 54. h5 Kb2 55. h6 Rb7 56. Kxd4 a2 57. Ke5 Rh7 58. Rb5+ Kc3 59. Ra5 1/2-1/2

[Event "Warsaw YMCA Autumn-D 70th"]
[Site "Warsaw"]
[Date "2009.11.27"]
[Round "13"]
[White "Wilczynski, Adam"]
[Black "Ogonowski, Jakub"]
[Result "1/2-1/2"]
[WhiteElo "1771"]
[BlackElo "1555"]
[PlyCount "42"]
[EventDate "2009.09.29"]
[EventType "tourn"]
[EventRounds "13"]
[EventCountry "POL"]
[SourceTitle "EXT 2011"]
[Source "ChessBase"]
[SourceDate "2010.11.26"]
[SourceVersion "1"]
[SourceVersionDate "2010.11.26"]
[SourceQuality "1"]

1. c4 Nf6 2. g3 g6 3. Bg2 Bg7 4. Nc3 0-0 5. d3 c6 6. e4 e5 7. Nge2 d6 8. 0-0 Ne8 9. Be3 f5 10. exf5 gxf5 11. f4 Nc7 12. Qd2 Be6 13. Rad1 d5 14. Bc5 Re8 15. cxd5 Nxd5 16. fxe5 Bxe5 17. Nd4 Nxc3 18. Nxe6 Rxe6 19. bxc3 Nd7 20. d4 Nxc5 21. dxe5 Qxd2 1/2-1/2

[Event "Warsaw YMCA Autumn-D 70th"]
[Site "Warsaw"]
[Date "2009.11.17"]
[Round "7"]
[White "Ogonowski, Jakub"]
[Black "Jarmula, Lukasz"]
[Result "0-1"]
[WhiteElo "1555"]
[BlackElo "1602"]
[PlyCount "99"]
[EventDate "2009.09.29"]
[EventType "tourn"]
[EventRounds "13"]
[EventCountry "POL"]
[SourceTitle "EXT 2011"]
[Source "ChessBase"]
[SourceDate "2010.11.26"]
[SourceVersion "1"]
[SourceVersionDate "2010.11.26"]
[SourceQuality "1"]

1. e4 c5 2. Nf3 d6 3. d4 cxd4 4. Nxd4 Nf6 5. Nc3 a6 6. Bc4 b5 7. Bd3 e5 8. Nf3 Bb7 9. Bg5 Be7 10. 0-0 0-0 11. Bxf6 Bxf6 12. Nd5 Bxd5 13. exd5 Nd7 14. Nd2 Nc5 15. Ne4 Nxe4 16. Bxe4 g6 17. c3 Bg7 18. g3 f5 19. Bg2 Qd7 20. Re1 f4 21. g4 Rf7 22. Be4 Qa7 23. Kg2 f3+ 24. Kf1 Qd7 25. h3 Rf4 26. Qd3 h5 27. Bxf3 Raf8 28. Be2 Qa7 29. f3 e4 30. Qd2 hxg4 31. Bd1 gxf3 32. Re3 Qd7 33. Qf2 Qxh3+ 34. Ke1 Bf6 35. Kd2 Rg4 36. Kc1 Rg2 37. Qe1 Bh4 38. Qf1 Rc2+ 39. Kxc2 Qxf1 40. Rxe4 Qg2+ 41. Kb3 f2 42. Rg4 Qxd5+ 43. Ka3 f1Q 44. Bb3 Qxb3+ 45. Kxb3 Qxa1 46. Rxh4 Rf2 47. Kb4 Qxb2+ 48. Ka5 Qa3+ 49. Ra4 Qxa4+ 50. Kb6 0-1